Southville International School and Colleges
Your cart is empty.
  • Cart
  • Lists
    Public lists Eva Luna New books Lux_list list_1
    Your lists Log in to create your own lists
  • Log in to your account
  • Your cookies
  • Search history
Southville International School and Colleges
  • Advanced search
  • Recent comments
  • Most popular
  • Libraries

Log in to your account

Log in with GOOGLE


If you do not have an external account, but do have a local account, you can still log in:

  1. Home
  2. MARC view: Human relations in organizations :
Normal view MARC view ISBD view

Human relations in organizations : (Record no. 14989)

[ view plain ]
MARC details
000 -LEADER
fixed length control field 01032cam a22003014a 4500
001 - CONTROL NUMBER
control field 13381531
003 - CONTROL NUMBER IDENTIFIER
control field PILC
005 - DATE AND TIME OF LATEST TRANSACTION
control field 20150112093448.0
008 - FIXED-LENGTH DATA ELEMENTS--GENERAL INFORMATION
fixed length control field 031023s2005 maua b 001 0 eng
010 ## - LIBRARY OF CONGRESS CONTROL NUMBER
LC control number 2003066614
020 ## - INTERNATIONAL STANDARD BOOK NUMBER
International Standard Book Number 0072559837 (alk. paper)
040 ## - CATALOGING SOURCE
Original cataloging agency DLC
Transcribing agency DLC
Modifying agency DLC
042 ## - AUTHENTICATION CODE
Authentication code pcc
050 00 - LIBRARY OF CONGRESS CALL NUMBER
Classification number HD58.7
Item number .L86 2005
082 00 - DEWEY DECIMAL CLASSIFICATION NUMBER
Classification number 658.3
-- 22
100 1# - MAIN ENTRY--PERSONAL NAME
Personal name Lussier, Robert N.
245 10 - TITLE STATEMENT
Title Human relations in organizations :
Remainder of title applications and skill-building /
Statement of responsibility, etc Robert N. Lussier.
250 ## - EDITION STATEMENT
Edition statement 6th ed.
260 ## - PUBLICATION, DISTRIBUTION, ETC. (IMPRINT)
Place of publication, distribution, etc Boston :
Name of publisher, distributor, etc McGraw-Hill/Irwin,
Date of publication, distribution, etc 2005.
300 ## - PHYSICAL DESCRIPTION
Extent xxiv, 661 pages :
Other physical details illustration ;
Dimensions 28 cm.
500 ## - GENERAL NOTE
General note "Registration code" inserted.
504 ## - BIBLIOGRAPHY, ETC. NOTE
Bibliography, etc Includes bibliographical references (p. 621-652) and index.
650 #0 - SUBJECT ADDED ENTRY--TOPICAL TERM
Topical term or geographic name as entry element Organizational behavior.
650 #0 - SUBJECT ADDED ENTRY--TOPICAL TERM
Topical term or geographic name as entry element Interpersonal relations.
906 ## - LOCAL DATA ELEMENT F, LDF (RLIN)
a 7
b cbc
c orignew
d 1
e ocip
f 20
g y-gencatlg
942 ## - ADDED ENTRY ELEMENTS (KOHA)
Source of classification or shelving scheme Library of Congress Classification
Koha item type Books
Holdings
Withdrawn status Lost status Source of classification or shelving scheme Damaged status Home library Current library Shelving location Date acquired Total Checkouts Full call number Barcode Date last seen Copy number Price effective from Koha item type
    Library of Congress Classification   Southville International School Affiliated with Foreign Universities Library Southville International School Affiliated with Foreign Universities Library Southville Foreign University Section 10/18/2013   HD 58.7 .L86 2005 SFU1563 05/15/2018 1 10/18/2013 Books

Human relations in organizations :

APA

Lussier R. N., . (2005). Human relations in organizations. Boston: McGraw-Hill/Irwin.

Chicago

Lussier Robert N, . 2005. Human relations in organizations. Boston: McGraw-Hill/Irwin.

Harvard

Lussier R. N., . (2005). Human relations in organizations. Boston: McGraw-Hill/Irwin.

MLA

Lussier Robert N, . Human relations in organizations. Boston: McGraw-Hill/Irwin. 2005.

  • Place hold
  • Print
  • Cite
  • Add to your cart (remove)
  • Save record
    BIBTEX Dublin Core MARCXML MARC (non-Unicode/MARC-8) MARC (Unicode/UTF-8) MARC (Unicode/UTF-8, Standard) MODS (XML) RIS
  • More searches
    Search for this title in:
    Other Libraries (WorldCat) Other Databases (Google Scholar) Online Stores (Bookfinder.com) Open Library (openlibrary.org)

Exporting to Dublin Core...

SOUTHVILLE LIBRARY

Southville International School and Colleges Library

1281 Tropical Ave. Cor. Luxembourg St., BF Homes International, Las Pinas City

Tel. No. 8256374 / 252358 Loc. 117/146

Powered by Koha